[Event "Plovdiv Tringov Memorial 45th"]
[Site "Plovdiv"]
[Date "2023.08.10"]
[Round "7"]
[White "Valev, Valentin"]
[Black "Videnova, Iva"]
[Result "1/2-1/2"]
[WhiteElo "2069"]
[BlackElo "2334"]
[PlyCount "111"]
[EventDate "2023.08.06"]
[EventType "swiss"]
[EventRounds "9"]
[EventCountry "BUL"]
[SourceTitle "EXT 2024"]
[Source "ChessBase"]
[SourceDate "2023.10.10"]
[SourceVersion "1"]
[SourceVersionDate "2023.10.10"]
[SourceQuality "1"]

1. Nf3 Nf6 2. b3 g6 3. Bb2 Bg7 4. e3 0-0 5. Be2 d6 6. d4 Nfd7 7. h4 e5 8. c4 Nc6 9. Nc3 a5 10. a3 exd4 11. exd4 Nf6 12. d5 Ne7 13. Nb5 Bg4 14. 0-0 Qd7 15. Nbd4 Rfe8 16. Re1 Nf5 17. Qc2 Nxd4 18. Bxd4 Re7 19. Nh2 Bxe2 20. Rxe2 Rxe2 21. Qxe2 Re8 22. Qd3 Qe7 23. Nf3 Qe2 24. Qxe2 Rxe2 25. Kf1 Re4 26. Re1 Rxe1+ 27. Kxe1 Nd7 28. Bxg7 Kxg7 29. Nd4 a4 30. bxa4 Nb6 31. Nb5 Nxc4 32. Nxc7 Kf6 33. Ke2 Ke5 34. g3 Kd4 35. h5 gxh5 36. Ne8 Kxd5 37. Nf6+ Kd4 38. Nxh7 Ke5 39. Ng5 f6 40. Nh3 Ke4 41. f3+ Kf5 42. Nf2 Nxa3 43. Kd3 d5 44. Kd4 Nc4 45. Nd3 Nd2 46. Ke3 Nb3 47. Nb4 d4+ 48. Kd3 Nc5+ 49. Kxd4 Nxa4 50. Nd5 Nb2 51. g4+ hxg4 52. fxg4+ Kg5 53. Kc5 Na4+ 54. Kb5 Nc3+ 55. Nxc3 Kxg4 56. Nd5 1/2-1/2

[Event "BUL-chT"]
[Site "Kiten"]
[Date "2021.06.21"]
[Round "1.3"]
[White "Enchev, Ivajlo"]
[Black "Valev, Valentin"]
[Result "1/2-1/2"]
[WhiteElo "2501"]
[BlackElo "2022"]
[PlyCount "90"]
[EventDate "2021.06.21"]
[EventType "team-tourn"]
[EventRounds "7"]
[EventCountry "BUL"]
[SourceTitle "CBM 203 Extra"]
[Source "ChessBase"]
[SourceDate "2021.09.30"]
[SourceVersion "1"]
[SourceVersionDate "2021.09.30"]
[SourceQuality "1"]
[WhiteTeam "Razgrad Abritus"]
[BlackTeam "Burgas 64"]
[WhiteTeamCountry "BUL"]
[BlackTeamCountry "BUL"]

1. d4 Nf6 2. c4 e6 3. Nc3 Bb4 4. Qc2 c5 5. dxc5 Bxc5 6. Nf3 Nc6 7. Bg5 h6 8. Bh4 0-0 9. Rd1 Be7 10. e4 Qa5 11. Be2 Rd8 12. 0-0 d6 13. Rd2 g5 14. Bg3 e5 15. Nd5 Nxd5 16. cxd5 Nb4 17. Qc3 Qb6 18. a3 Na6 19. b4 f5 20. exf5 Bxf5 21. Bd3 Rac8 22. Qa1 Bxd3 23. Rxd3 Qb5 24. Qb1 Bf6 25. h4 Qd7 26. hxg5 hxg5 27. Nd2 Qf5 28. Re1 Be7 29. f3 Nc7 30. Bf2 Kg7 31. Ne4 Rh8 32. g4 Qh7 33. Kf1 Rcf8 34. Ng3 Qh2 35. Ke2 Nb5 36. a4 Nd4+ 37. Rxd4 exd4 38. Qe4 Bd8 39. Qxd4+ Bf6 40. Qd3 Re8+ 41. Ne4 Re7 42. Kf1 Qh3+ 43. Ke2 Qh2 44. Kf1 Qh3+ 45. Ke2 Qh2 1/2-1/2

[Event "Primorsko op"]
[Site "Primorsko"]
[Date "2020.09.20"]
[Round "7"]
[White "Valev, Valentin"]
[Black "Georgiev, Konstantin1111"]
[Result "0-1"]
[WhiteElo "2020"]
[BlackElo "1855"]
[PlyCount "59"]
[EventDate "2020.09.14"]
[EventType "swiss"]
[EventRounds "9"]
[EventCountry "BUL"]
[SourceTitle "CBM 198 Extra"]
[Source "ChessBase"]
[SourceDate "2020.11.30"]
[SourceVersion "1"]
[SourceVersionDate "2020.11.30"]
[SourceQuality "1"]

1. e4 c5 2. Nf3 Nc6 3. b3 e5 4. Bb2 d6 5. d3 Nge7 6. Nbd2 g6 7. Be2 Bg7 8. 0-0 0-0 9. Ne1 g5 10. c3 Ng6 11. Nc2 f5 12. Re1 f4 13. a4 Bd7 14. Nc4 Qf6 15. f3 h5 16. b4 Rac8 17. b5 Nce7 18. d4 Rfd8 19. b6 a6 20. N4a3 Ra8 21. Qd3 g4 22. dxc5 dxc5 23. Rad1 Qxb6 24. Nc4 Qf6 25. Qd6 Qf8 26. Qc7 g3 27. h3 Rac8 28. Rxd7 Rxc7 29. Rxc7 Kh7 30. Rxb7 0-1

[Event "Plovdiv Tringov Memorial 42nd"]
[Site "Plovdiv"]
[Date "2020.07.13"]
[Round "2"]
[White "Spasov, Vasil"]
[Black "Valev, Valentin"]
[Result "1-0"]
[WhiteElo "2494"]
[BlackElo "1996"]
[PlyCount "51"]
[EventDate "2020.07.12"]
[EventType "swiss"]
[EventRounds "9"]
[EventCountry "BUL"]
[SourceTitle "EXT 2022"]
[Source "ChessBase"]
[SourceDate "2021.10.06"]
[SourceVersion "1"]
[SourceVersionDate "2021.10.06"]
[SourceQuality "1"]

1. e4 e6 2. d4 d5 3. Nd2 c5 4. Ngf3 Nf6 5. exd5 exd5 6. Bb5+ Bd7 7. Bxd7+ Nbxd7 8. 0-0 Be7 9. dxc5 Nxc5 10. Re1 0-0 11. Nf1 Nce4 12. Be3 Re8 13. Bd4 Bf8 14. c3 Qc7 15. Ne3 Rad8 16. Qc2 b6 17. Rad1 g6 18. g3 Bg7 19. Kg2 Qb7 20. Qb3 Kh8 21. Re2 Qa6 22. Rde1 Nc5 23. Qc2 Qxa2 24. Ng4 Rxe2 25. Qxe2 Nce4 26. Nxf6 1-0

[Event "BUL-ch 84th"]
[Site "Sofia"]
[Date "2020.03.02"]
[Round "1"]
[White "Nikolov, Momchil"]
[Black "Valev, Valentin"]
[Result "1-0"]
[WhiteElo "2550"]
[BlackElo "2015"]
[PlyCount "75"]
[EventDate "2020.03.02"]
[EventType "swiss"]
[EventRounds "9"]
[EventCountry "BUL"]
[SourceTitle "CBM 195 Extra"]
[Source "ChessBase"]
[SourceDate "2020.05.31"]
[SourceVersion "1"]
[SourceVersionDate "2020.05.31"]
[SourceQuality "1"]

1. d4 Nf6 2. c4 e6 3. Nc3 d5 4. cxd5 exd5 5. Bg5 c6 6. e3 h6 7. Bh4 Bf5 8. Qf3 Bg6 9. Bxf6 Qxf6 10. Qxf6 gxf6 11. Nf3 Nd7 12. Nh4 Be7 13. Ne2 f5 14. g3 Bxh4 15. gxh4 Nf6 16. f3 Nh5 17. Kf2 Ke7 18. Bh3 Kf6 19. Ng3 Rae8 20. Rhe1 Nxg3 21. Kxg3 Bh7 22. Kf4 Re6 23. b4 a5 24. a3 Ra8 25. Rec1 b5 26. a4 axb4 27. axb5 Ra3 28. Rxa3 bxa3 29. bxc6 a2 30. c7 Re8 31. Rc6+ Kg7 32. Ra6 Rc8 33. Rxa2 Rxc7 34. Bxf5 Bg8 35. Ra6 Rb7 36. Rd6 Rb5 37. h5 f6 38. Be6 1-0

[Event "EU-ch U12"]
[Site "Batumi"]
[Date "2010.09.27"]
[Round "8"]
[White "Zeynalli, Miradil Mir Kazim"]
[Black "Valev, Valentin"]
[Result "1-0"]
[WhiteElo "1855"]
[BlackElo "1911"]
[PlyCount "69"]
[EventDate "2010.09.20"]
[EventType "swiss"]
[EventRounds "9"]
[EventCountry "GEO"]
[SourceTitle "CBM 138 Extra"]
[Source "ChessBase"]
[SourceDate "2010.10.29"]
[SourceVersion "1"]
[SourceVersionDate "2010.10.29"]
[SourceQuality "1"]

1. Nf3 d5 2. c4 c6 3. b3 Nf6 4. g3 g6 5. Bg2 Bg7 6. Bb2 0-0 7. 0-0 Nbd7 8. d3 Re8 9. Nbd2 e5 10. Rc1 Qb6 11. e3 Qa6 12. a4 Qb6 13. c5 Qc7 14. b4 Nh5 15. e4 Nf8 16. exd5 cxd5 17. Qb3 Nf6 18. Rfe1 d4 19. Ng5 Bh6 20. Nge4 Nxe4 21. Nxe4 Rd8 22. Nf6+ Kg7 23. Nd5 Rxd5 24. Qxd5 Bxc1 25. Bxc1 a5 26. b5 Nd7 27. c6 bxc6 28. bxc6 Nb6 29. Qxe5+ Qxe5 30. Rxe5 Bf5 31. Bb2 Nxa4 32. Bxd4 Kf8 33. c7 Rc8 34. Bc6 Be6 35. Bxa4 1-0

[Event "Kesarovski Georgiev Memorial 9th"]
[Site "Sunny Beach"]
[Date "2010.09.03"]
[Round "7"]
[White "Ljangov, Petar"]
[Black "Valev, Valentin"]
[Result "0-1"]
[WhiteElo "2103"]
[BlackElo "1911"]
[PlyCount "98"]
[EventDate "2010.08.28"]
[EventType "swiss"]
[EventRounds "9"]
[EventCountry "BUL"]
[SourceTitle "CBM 138 Extra"]
[Source "ChessBase"]
[SourceDate "2010.10.29"]
[SourceVersion "1"]
[SourceVersionDate "2010.10.29"]
[SourceQuality "1"]

1. e4 d6 2. d4 g6 3. Ne2 Bg7 4. Nbc3 Nf6 5. g3 0-0 6. Bg2 e5 7. 0-0 Nbd7 8. h3 Ne8 9. Be3 Kh8 10. Qd2 Nb6 11. b3 Bd7 12. a4 exd4 13. Bxd4 Bc6 14. Bxg7+ Nxg7 15. Nd4 Qe8 16. Rae1 Ne6 17. a5 Nc8 18. a6 Nxd4 19. Qxd4+ Qe5 20. Qxe5+ dxe5 21. axb7 Bxb7 22. f4 exf4 23. gxf4 Bc6 24. Rd1 Nb6 25. e5 Bxg2 26. Kxg2 a5 27. Rd4 Rfd8 28. Rfd1 Rxd4 29. Rxd4 Kg7 30. Kf3 Kf8 31. Nb5 c6 32. Nc3 Ke7 33. Na4 Nxa4 34. Rxa4 c5 35. Ke4 Ke6 36. Rc4 Rc8 37. Rc3 h5 38. h4 f6 39. Rd3 Rc6 40. Rg3 f5+ 41. Kd3 Ke7 42. Kc4 Kf7 43. Kb5 Rc8 44. Kxa5 Rb8 45. Rc3 Rb4 46. Rc4 Rb8 47. Rxc5 g5 48. hxg5 h4 49. Ka6 h3 0-1

[Event "Sunny Beach op"]
[Site "Sunny Beach"]
[Date "2008.11.28"]
[Round "1"]
[White "Valev, Valentin"]
[Black "Shishkov, Minko"]
[Result "0-1"]
[WhiteElo "1765"]
[BlackElo "2271"]
[PlyCount "82"]
[EventDate "2008.11.28"]
[EventType "swiss"]
[EventRounds "7"]
[EventCountry "BUL"]
[SourceTitle "EXT 2010"]
[Source "ChessBase"]
[SourceDate "2010.11.25"]
[SourceVersion "1"]
[SourceVersionDate "2010.11.25"]
[SourceQuality "1"]

1. c4 g6 2. Nc3 Bg7 3. d4 c5 4. e3 Nf6 5. Nf3 0-0 6. Be2 cxd4 7. exd4 d5 8. Be3 Nc6 9. 0-0 dxc4 10. Bxc4 Bg4 11. Be2 Rc8 12. Rc1 Nd5 13. h3 Nxe3 14. fxe3 Bf5 15. Re1 e5 16. d5 Na5 17. Kh1 Bh6 18. Bd3 Bxd3 19. Qxd3 Nc4 20. b3 Nd6 21. Nxe5 Re8 22. Ng4 Bg5 23. Rc2 f5 24. Nh2 Qa5 25. Nf3 Bh6 26. Nd2 b5 27. a4 a6 28. axb5 axb5 29. Nd1 Rxc2 30. Qxc2 Rc8 31. Qd3 Qb4 32. Rf1 Rc7 33. Nf3 Ne4 34. Kg1 Bg7 35. Nd4 Bxd4 36. Qxd4 Qxd4 37. exd4 Rc2 38. Ne3 Re2 39. Nd1 h5 40. h4 Kf7 41. d6 Ke6 0-1

[Event "EU-ch U10 18th"]
[Site "Herceg Novi"]
[Date "2008.09.22"]
[Round "7"]
[White "Valev, Valentin"]
[Black "Sadikhov, Ulvi Ramil Oglu"]
[Result "0-1"]
[WhiteElo "1721"]
[BlackElo "1896"]
[PlyCount "72"]
[EventDate "2008.09.15"]
[EventType "swiss"]
[EventRounds "9"]
[EventCountry "MNE"]
[SourceTitle "CBM 126 Extra"]
[Source "ChessBase"]
[SourceDate "2008.11.05"]
[SourceVersion "1"]
[SourceVersionDate "2008.11.05"]
[SourceQuality "1"]

1. e4 c5 2. f4 d5 3. exd5 Nf6 4. Bb5+ Nbd7 5. c4 a6 6. Bxd7+ Bxd7 7. Nf3 e6 8. dxe6 Bxe6 9. Qe2 Be7 10. 0-0 0-0 11. b3 Bf5 12. Ne5 Nd7 13. Rd1 Re8 14. Qh5 g6 15. Qf3 Bf6 16. Ng4 Bd4+ 17. Kh1 Qh4 18. Nh6+ Qxh6 19. g4 Bxg4 20. Qxg4 Nf6 21. Qf3 Qh4 22. Qg3 Qh5 23. Rf1 Re2 24. Nc3 Bxc3 25. dxc3 Ng4 26. h4 Rh2+ 27. Kg1 Rxh4 28. f5 Rh1+ 29. Kg2 Rxf1 30. Kxf1 Qxf5+ 31. Kg1 Re8 32. Bf4 h5 33. Rf1 Qe6 34. a3 f6 35. Bd6 b6 36. a4 g5 0-1

[Event "Kesarovski Georgiev Memorial 7th"]
[Site "Sunny Beach"]
[Date "2008.09.10"]
[Round "4"]
[White "Valev, Valentin"]
[Black "Kounalakis, Evryklis"]
[Result "0-1"]
[WhiteElo "1721"]
[BlackElo "2120"]
[PlyCount "148"]
[EventDate "2008.09.08"]
[EventType "swiss"]
[EventRounds "9"]
[EventCountry "BUL"]
[SourceTitle "CBM 126 Extra"]
[Source "ChessBase"]
[SourceDate "2008.11.05"]
[SourceVersion "1"]
[SourceVersionDate "2008.11.05"]
[SourceQuality "1"]

1. d4 Nf6 2. c4 g6 3. Nf3 Bg7 4. e3 0-0 5. Be2 c5 6. Nc3 cxd4 7. exd4 d5 8. 0-0 Nc6 9. Be3 e6 10. Ne5 dxc4 11. Bxc4 Ne7 12. Qf3 Nfd5 13. Bxd5 Nxd5 14. Nxd5 exd5 15. Rac1 Bf5 16. Rc5 Be4 17. Qd1 Rc8 18. Rxc8 Qxc8 19. Qb3 f6 20. Nd3 Bxd3 21. Qxd3 Qd7 22. Rc1 Rc8 23. Rxc8+ Qxc8 24. Qb5 Qc6 25. Qxc6 bxc6 26. Kf1 f5 27. f4 Kf7 28. Ke2 Ke6 29. Kd3 Kd7 30. Kc2 Kc7 31. Kb3 Kb6 32. Ka4 Bf6 33. g3 Be7 34. Bf2 Ka6 35. b4 Bf6 36. Be3 Kb6 37. h3 Be7 38. Bd2 Bd6 39. Be1 h6 40. h4 Bc7 41. Bd2 Bd8 42. Bc1 Bf6 43. Be3 Ka6 44. Kb3 Kb5 45. a3 Bg7 46. Bf2 Bf8 47. Be1 Bd6 48. Bc3 Be7 49. Bd2 Bd8 50. Bc1 Bf6 51. Be3 Bd8 52. Bd2 Bb6 53. Bc3 Ka6 54. Bb2 Kb7 55. Ka4 a6 56. Kb3 Bd8 57. Bc1 a5 58. Bd2 axb4 59. Bxb4 Kb6 60. Bf8 Bf6 61. Kc3 Kb5 62. Kd3 h5 63. Bd6 Ka4 64. Kc3 Bd8 65. Bb4 Bb6 66. Kd3 Kb3 67. Be1 Kxa3 68. Bd2 Kb3 69. Be1 Bc7 70. Bd2 Bd6 71. Be1 Bb4 72. Bf2 Bc3 73. Bg1 Be1 74. Bh2 Bf2 0-1

[Event "Kesarovski Georgiev Memorial 5th"]
[Site "Sunny Beach"]
[Date "2006.09.05"]
[Round "4.28"]
[White "Zlatanova, Emilia"]
[Black "Valev, Valentin"]
[Result "1-0"]
[WhiteElo "2116"]
[BlackElo "1643"]
[PlyCount "95"]
[EventDate "2006.09.02"]
[EventType "swiss"]
[EventRounds "9"]
[EventCountry "BUL"]
[SourceTitle "CBM 114 Extra"]
[Source "ChessBase"]
[SourceDate "2006.11.03"]
[SourceVersion "1"]
[SourceVersionDate "2006.11.03"]
[SourceQuality "1"]

1. e4 c5 2. Nc3 Nc6 3. g3 e6 4. Bg2 Nf6 5. d3 d5 6. Bg5 d4 7. Nce2 h6 8. Bd2 Be7 9. h3 0-0 10. f4 e5 11. f5 Nh7 12. Nf3 b5 13. a4 b4 14. h4 Ba6 15. b3 Re8 16. g4 f6 17. Ng3 Rb8 18. Rb1 Rb7 19. Qc1 Na5 20. g5 fxg5 21. hxg5 Nxg5 22. Nxg5 Bxg5 23. Bxg5 Qxg5 24. Qxg5 hxg5 25. Rh5 g4 26. Rg5 Kf7 27. Nh5 Rg8 28. Ke2 Rb6 29. Rxg4 Rh6 30. Rh1 Bc8 31. Bf3 Nb7 32. Rg5 Nd6 33. Rhg1 Ne8 34. R1g2 a5 35. Ng3 Nf6 36. Kf2 Bb7 37. Nf1 c4 38. bxc4 Bc6 39. Nd2 Bxa4 40. Bd1 Rh1 41. Rg1 Rh2+ 42. Ke1 Be8 43. Nf3 Rh6 44. Nxe5+ Kf8 45. Nf3 a4 46. Nxd4 a3 47. Be2 a2 48. Kd2 1-0